000 00517nam a2200181Ia 4500
005 20250326141709.0
008 250326s9999 xx 000 0 und d
037 _aTextbook
040 _aFMSL
_beng
_cFMSL
041 _aeng
_2eng
084 _aX:74.1 M1
_qFMSL
100 _aVernon R
_9112379
245 0 _aManager in the international economy
_cVernon R; Wells L T
260 _aNew Delhi
_bNew Delhi, Prentice-Hall
_c1981
300 _a444p
942 _cTB
_hX:74.1 M1
999 _c1291541
_d1291541